canciones de nadie sabe lo que va a pasar mañana (Bad bunny) - Estadísticas

Estadísticas generales
  • Esta prueba ha sido intentada 284 veces
  • La puntuación promedio es 16 de 22
Estadísticas de respuestas
pista canciones % Correcto
nadie sabe
92%
ft Mora hibiki
91%
ft Feid perro negro
91%
ft Young miko fina
90%
Mónaco
90%
ft Bryant Myers seda
88%
ft Luar la l teléfono nuevo
86%
ft Arcángel, De la ghetto, Ñengo flow acho pr
80%
ft Yovngchimi mercedes carota
79%
no me quiero casar
71%
ft Eladio Carrion thunder y lightning
70%
un preview
68%
baticano
66%
cybertruck
65%
Mr. october
64%
europa :(
61%
vou 787
60%
vuelve candy B
60%
where she goes
59%
gracias por nada
54%
los pits
54%
baby nueva
52%
No se encontraron pruebas coincidentes
Distribución de puntuación
Porcentaje de gente con cada puntuación
Porcentaje por número respondido
Historial de tus puntuaciones
No has intentado esta prueba.